Szczegóły MARC21

Richtiges Deutsch : Sprachübungen für Fortgeschrittene /

003 -Nazwa inst., której nr kontr. jest w polu 001 [,]
    • @
    • Nazwa instytucji, której n kontrolny jest w polu 001
    • NUKAT
005 -DATA I CZAS OSTATNIEJ MODYFIKACJI [,]
    • @
    • pole kontrolne
    • 20241231105636.0
020 -Międzynarod. znormalizowany nr książki - ISBN [ , ]
    • a
    • Numer ISBN
    • 3190012350 Find
040 -Instytucja sporządzająca opis [ , ]
    • a
    • Instytucja, która sporządziła opis (NP)
    • WA U/70AO
    • b
    • Język katalogowania
    • pol
    • e
    • Zasady katalogowania
    • rda
    • c
    • Instytucja, która sporządziła rekord (NP)
    • WA U/AO
    • d
    • Instytucja, która zmodyfikowała rekord (P)
    • WA U/MST
    • d
    • Instytucja, która zmodyfikowała rekord (P)
    • SZCZ U/ABs
942 -Rodzaj dokumentu [ , ]
    • c
    • Rodzaj dokumentu
    • Książka
100 -Hasło główne - nazwa osobowa [1, ]
    • a
    • Nazwa osobowa (NP)
    • Kormann, Hilmar.
    • e
    • Rodzaj współpracy
    • Autor
    • 9
    • KHW
    • 401907
245 -Strefa tytułu i oznaczenia odpowiedzialności [1,0]
    • a
    • Tytuł
    • Richtiges Deutsch : Find
    • b
    • Ciąg dalszy tytułu (NP)
    • Sprachübungen für Fortgeschrittene / Find
    • c
    • Pozostałe elementy strefy tytułu i oznaczenia odpowiedzialności (NP)
    • Hilmar Kormann.
250 -Strefa wydania [ , ]
    • a
    • Oznaczenie wydania (NP)
    • 3. Auflage.
260 -Strefa adresu wydawniczego [ , ]
    • a
    • Miejsce wydania (P)
    • München :
    • b
    • Nazwa wydawcy (P)
    • Hueber,
    • c
    • Data wydania (P)
    • 1978.
300 -Strefa opisu fizycznego [ , ]
    • a
    • Określenie formy książki i/lub objętość (NP)
    • 90 stron ;
    • c
    • Format (NP)
    • 21 cm.
336 -Typ zawartości [ , ]
    • a
    • Termin opisujący typ zawartości
    • Tekst
    • b
    • Kod określający zawartość
    • txt
    • 2
    • Źródło (terminu i kodu)
    • rdacontent
337 -Typ mediów [ , ]
    • a
    • Tryb odtwarzania
    • Bez urządzenia pośredniczącego
    • b
    • Kod typu mediów
    • n
    • 2
    • Źródło (terminu i kodu)
    • rdamedia
338 -Typ/rodzaj nośnika [ , ]
    • a
    • Hasło opisujące typ nośnika
    • Wolumin
    • b
    • Kod typu nośnika
    • nc
    • 2
    • Źródło (terminu i kodu)
    • rdacarrier
490 -Strefa serii i książki wielotomowej - forma nie do wyszukiwania [1, ]
    • a
    • Tytuł (P)
    • Sprachen der Welt ; Find
    • v
    • Numeracja (P)
    • 1235
830 -Hasło dodatkowe serii i opisu książki wielotomowej - tytuł ujednolicony/tytuł [ ,0]
    • a
    • Tytuł ujednolicony/tytuł (NP)
    • Sprachen der Welt - Hueber
    • v
    • Oznaczenie tomu (NP)
    • Nr. 1235
    • 9
    • KHW
    • 69065
504 -Uwaga dot. bibliogr. załącznikowej [ , ]
    • a
    • Uwaga dot. bibliografii załącznikowej
    • Bibliografia na stronie stronie 90.
650 -Hasło przedmiotowe [ ,7]
    • a
    • Hasło przedmiotowe
    • Język niemiecki
    • v
    • Określnik formalny
    • podręczniki dla obcojęzycznych.
    • 2
    • Źródło terminu
    • kaba
    • 9
    • KHW
    • 360973
710 -Hasło dodatkowe - nazwa ciała zbiorowego [2, ]
    • a
    • Nazwa ciała zbiorowego lub nazwa geograficzna jako pierwszy element (NP)
    • Max Hueber Verlag.
    • e
    • Rodzaj współpracy
    • Wydawca
    • 4
    • Kod relacji
    • pbl
    • 9
    • KHW
    • 81840
920 -ISBN [ , ]
    • a
    • ISBN
    • 3-19-001235-0 Find
Sygnatura Status udost. Lokalizacja Numer inwentarzowy
Germ. Nauka jęz.-gramatyka 14-3BMG.4402
Germ. Nauka jęz.-gramatyka 15-3BMG.4404
Germ. Nauka jęz.-gramatyka 16-3BMG.4405
Germ. Nauka jęz.-gramatyka 17-3BMG.4406
Germ. Nauka jęz.-gramatyka 18-3BMG.4407
Germ. Nauka jęz.-gramatyka 19-3BMG.4408
Germ. Nauka jęz.-gramatyka 20-3BMG.4409
Germ. Nauka jęz.-gramatyka 21-3BMG.4410
Germ. Nauka jęz.-gramatyka 22-3BMG.4411
Germ. Nauka jęz.-gramatyka 23-3BMG.4412
Germ. Nauka jęz.-gramatyka 24-3BMG.4414
Germ. Nauka jęz.-gramatyka 25-3BMG.4416
 2BMG.4403
 2BMG.4413
 2BMG.4415